Historia social de la literatura y del arte 1 /
Guardado en:
| Autor Principal: | |
|---|---|
| Formato: | Libro |
| Publicado: |
España :
Labor,
1983
|
| Edición: | 18a. ed. |
| Materias: | |
| Etiquetas: |
Agregar Etiqueta
Sin Etiquetas, Sea el primero en etiquetar este registro!
|
| LEADER | 00849nam a22002535a 4500 | ||
|---|---|---|---|
| 001 | CEM.cems003170 | ||
| 005 | 19000101000000.0 | ||
| 008 | 130507s1983##################000#0#####d | ||
| 003 | CEMS | ||
| 082 | 0 | 4 | |a 709 |
| 100 | 1 | |a Hauser, Arnold | |
| 245 | 1 | 0 | |a Historia social de la literatura y del arte 1 / |c Arnold Hauser |
| 250 | |a 18a. ed. | ||
| 260 | |a España : |b Labor, |c 1983 | ||
| 300 | |a 440 p. | ||
| 505 | 0 | |a Rococ¢, clasicismo y romanticismo.-Naturalismo e impresionismo.-Bajo el signo del cine. | |
| 653 | |a Animismo | ||
| 653 | |a Arte | ||
| 653 | |a Arte cristiano | ||
| 653 | |a Arte romanico | ||
| 653 | |a Feudalismo | ||
| 859 | |a CEMS |b BIB. CEMS - 11 de abril |h 709 |i H295-1a18/I |p 13828.86 |t Ej.1 | ||
| 859 | |a CEMS |b BIB. CEMS - 11 de abril |h 709 |i H295-1a18/I |p 13829.86 |t Ej.2 | ||
| 859 | |a CEMS |b BIB. CEMS - 11 de abril |h 709 |i H295-1a18/I |p 13830.86 |t Ej.3 | ||
